Colours of the Rainbow: Sudden Death - Statistics

General Stats
  • This quiz has been taken 47 times
  • The average score is 6 of 7
Answers on the Grid
Answers color-coded by a green-red scale on the quiz's grid according to % correct below.
Yellow
Tomato
Red
Potato
Pink
Orange
Math
Magenta
Lime
Indigo
Human
Green
Fish
Blue
Black
 
Answer Stats
Answer % Correct
Blue
94%
Green
94%
Orange
94%
Red
94%
Yellow
94%
Indigo
82%
Magenta
74%
No matching quizzes found
Score Distribution
Percent of People with Each Score
Percentile by Number Answered
Your Score History
You have not taken this quiz